000 00636nam a2200229Ia 4500
005 20250409162907.0
008 008 250409s9999 xx 000 0 eng d
020 _a9788131252314
037 _aTextbook
040 _aLCT
_beng
_cLCT
041 _aeng
_2eng
084 _aZ,7,16 Q18
_qLCT
100 _aMarkanda PC
_9752115
245 0 _aLaw relating to Arbitrartion and conciliation
_cby PC Markanda
250 _a9th ed.
260 _aGurgaon, Haryana
_bLexisNexis
_c2018
300 _acccxix, 1696p.
365 _aINR
_b2695
650 _aLaw
942 _cTB
_hZ,7,16 Q18
999 _c1308843
_d1308843